000 00917cam a22002651 4500
999 _c128825
_d128825
001 7036926
003 ARRUPE
005 20190125102443.0
008 750725s1962 sa ab b 000 0 eng
010 _a 62051344
035 _a(OCoLC)1477938
040 _aDLC
_cFTS
_dOCoLC
_dDLC
042 _apremarc
050 0 0 _aGN865.T7
_bM37
100 1 _aMason, Revil J.
_944182
245 1 0 _aPrehistory of the Transvaal;
_ba record of human activity.
_cRevil Mason
260 _aJohannesburg,
_bWitwatersrand University Press,
_c1962.
300 _axxiv, 498 p.
_billus. (part col.) maps, profiles, tables.
_c26 cm.
504 _aBibliography: p. 477-488.
650 0 _aPrehistoric peoples
_zSouth Africa
_zTransvaal.
_944183
650 0 _aArt, Primitive.
_99543
651 0 _aTransvaal (South Africa)
_xAntiquities.
_944184
906 _a7
_bcbc
_coclcrpl
_du
_encip
_f19
_gy-gencatlg
942 _2lcc
_cSPC